Do They End Up Together in the End? Quiz Stats

 Plays Quiz Updated Apr 19, 2018

Challenge
Share
Tweet
Embed
Score 0/30 Timer 05:00
0 Plays Today
Movie Y/N % Correct
Sleepless in Seattle (1993)???
87.9%
Pretty Woman (1990)???
87.5%
When Harry Met Sally (1989)???
84.6%
Notting Hill (1999)???
81.8%
Slumdog Millionaire (2008)???
80.9%
The Notebook (2004)???
79.7%
Gone With the Wind (1939)???
79.2%
Casablanca (1942)???
77.5%
An Officer and a Gentleman (1982)???
77%
The Dark Knight (2008)???
73.1%
Breakfast at Tiffany's (1961)???
72.7%
Before Sunrise (1995)???
71.5%
500 Days of Summer (2009)???
70.3%
Moonstruck (1987)???
69.9%
There's Something About Mary (1998)???
69%
Movie Y/N % Correct
Dirty Dancing (1987)???
67.4%
Lost in Translation (2003)???
67.1%
Cast Away (2000)???
66.6%
Big (1988)???
65.7%
The Apartment (1960)???
64%
Casino Royale (2006)???
62.8%
Spiderman 2 (2004)???
61.3%
La La Land (2016)???
61.1%
Eternal Sunshine of the Spotless Mind (2004)???
50.1%
The Graduate (1967)???
50%
An Affair to Remember (1957)???
44.9%
The Bodyguard (1993)???
44.4%
Annie Hall (1977)???
42.1%
Manhattan (1979)???
38.8%
Roman Holiday (1953)???
31.6%

You're not logged in!

Compare scores with friends on all Sporcle quizzes.
Join for Free
OR
Log In

You Might Also Like...

Show Comments

Extras

Top Quizzes Today


Score Distribution

Your Account Isn't Verified!

In order to create a playlist on Sporcle, you need to verify the email address you used during registration. Go to your Sporcle Settings to finish the process.

Report this User

Report this user for behavior that violates our Community Guidelines.

Details: